El viaje de Norma : (Registro nro. 266553)

Detalles MARC
000 -LEADER
fixed length control field 02241nam a2200565Ii 4500
001 - CONTROL NUMBER
control field DIGOCEANO0019
003 - CONTROL NUMBER IDENTIFIER
control field NyNyDIG
006 - FIXED-LENGTH DATA ELEMENTS--ADDITIONAL MATERIAL CHARACTERISTICS
fixed length control field m o d
007 - PHYSICAL DESCRIPTION FIXED FIELD--GENERAL INFORMATION
fixed length control field cr |||||||||||
008 - FIXED-LENGTH DATA ELEMENTS--GENERAL INFORMATION
fixed length control field 240404s2017 mx o 000 0cspa d
035 ## - SYSTEM CONTROL NUMBER
System control number (OCoLC)1430189161
040 ## - CATALOGING SOURCE
Original cataloging agency DGITA
Language of cataloging eng
Description conventions rda
-- pn
Transcribing agency DGITA
020 ## - INTERNATIONAL STANDARD BOOK NUMBER
International Standard Book Number 9786075273785
Qualifying information eBook
020 ## - INTERNATIONAL STANDARD BOOK NUMBER
Canceled/invalid ISBN 9786075273600
041 1# - LANGUAGE CODE
Language code of text/sound track or separate title spa
Language code of original eng
043 ## - GEOGRAPHIC AREA CODE
Geographic area code n-us---
050 14 - LIBRARY OF CONGRESS CALL NUMBER
Classification number E169.Z83 ebook
082 04 - DEWEY DECIMAL CLASSIFICATION NUMBER
Classification number 917.304932
Edition number 23
100 1# - MAIN ENTRY--PERSONAL NAME
Personal name Bauerschmidt, Tim,
Relator term author.
240 10 - UNIFORM TITLE
Uniform title Driving Miss Norma.
Language of a work Spanish
Version (Carril)
245 13 - TITLE STATEMENT
Title El viaje de Norma :
Remainder of title una familia le dice sí a la vida /
Statement of responsibility, etc. Tim Bauerschmidt, Ramie Liddle ; traducción de Pilar Carril.
250 ## - EDITION STATEMENT
Edition statement Primera edición en libro electrónico.
264 #1 - PRODUCTION, PUBLICATION, DISTRIBUTION, MANUFACTURE, AND COPYRIGHT NOTICE
Place of production, publication, distribution, manufacture Ciudad de México :
Name of producer, publisher, distributor, manufacturer Océano,
Date of production, publication, distribution, manufacture, or copyright notice [2017]
300 ## - PHYSICAL DESCRIPTION
Extent 1 online resource.
336 ## - CONTENT TYPE
Content type term text
Content type code txt
Source rdacontent
337 ## - MEDIA TYPE
Media type term computer
Media type code c
Source rdamedia
338 ## - CARRIER TYPE
Carrier type term online resource
Carrier type code cr
Source rdacarrier
347 ## - DIGITAL FILE CHARACTERISTICS
File type text file
Source rdaft
347 ## - DIGITAL FILE CHARACTERISTICS
Encoding format EPUB
588 0# - SOURCE OF DESCRIPTION NOTE
Source of description note Online resource; title from ePub title page (Digitalia, viewed April 4, 2024)
600 10 - SUBJECT ADDED ENTRY--PERSONAL NAME
Personal name Bauerschmidt, Norma,
Dates associated with a name 1925-2016
General subdivision Travel
Geographic subdivision United States.
600 10 - SUBJECT ADDED ENTRY--PERSONAL NAME
Personal name Bauerschmidt, Tim
General subdivision Travel
Geographic subdivision United States.
600 10 - SUBJECT ADDED ENTRY--PERSONAL NAME
Personal name Liddle, Ramie
General subdivision Travel
Geographic subdivision United States.
650 #0 - SUBJECT ADDED ENTRY--TOPICAL TERM
Topical term or geographic name entry element Families
General subdivision Travel
Geographic subdivision United States.
651 #0 - SUBJECT ADDED ENTRY--GEOGRAPHIC NAME
Geographic name United States
General subdivision Description and travel.
650 #0 - SUBJECT ADDED ENTRY--TOPICAL TERM
Topical term or geographic name entry element Recreational vehicles
Geographic subdivision United States.
650 #0 - SUBJECT ADDED ENTRY--TOPICAL TERM
Topical term or geographic name entry element Older women
Geographic subdivision United States
Form subdivision Biography.
650 #0 - SUBJECT ADDED ENTRY--TOPICAL TERM
Topical term or geographic name entry element Cancer
General subdivision Patients
Geographic subdivision United States
Form subdivision Biography.
650 #0 - SUBJECT ADDED ENTRY--TOPICAL TERM
Topical term or geographic name entry element Quality of life
General subdivision Philosophy.
650 #0 - SUBJECT ADDED ENTRY--TOPICAL TERM
Topical term or geographic name entry element Travel
General subdivision Psychological aspects.
700 1# - ADDED ENTRY--PERSONAL NAME
Personal name Liddle, Ramie,
Relator term author.
700 1# - ADDED ENTRY--PERSONAL NAME
Personal name Carril, Pilar,
Relator term translator.
700 1# - ADDED ENTRY--PERSONAL NAME
Relationship information Translation of:
Personal name Bauerschmidt, Tim.
Title of a work Driving Miss Norma.
791 2# -
-- Digitalia (Firm),
-- distributor.
793 0# -
-- Digitalia eBook Collection:
-- Editorial Océano
776 08 - ADDITIONAL PHYSICAL FORM ENTRY
Relationship information Print version:
Main entry heading Bauerschmidt, Tim.
Uniform title Driving Miss Norma. Spanish (Carril).
Title Viaje de Norma.
Place, publisher, and date of publication Ciudad de México : Océano, [2017]
International Standard Book Number 9786075273600
856 40 - ELECTRONIC LOCATION AND ACCESS
Materials specified Digitalia Hispánica
Uniform Resource Identifier <a href="https://www.digitaliapublishing.com/a/85206/">https://www.digitaliapublishing.com/a/85206/</a>
910 ## - USER-OPTION DATA (OCLC)
User-option data Premium collection: 2024
942 ## - ADDED ENTRY ELEMENTS (KOHA)
Koha item type Recurso Electrónico
Existencias
Withdrawn status Lost status Damaged status Not for loan Collection Home library Current library Date acquired Total checkouts Date last seen Price effective from Koha item type
        Digitalia Ebooks Hispanica Biblioteca Digital UIN Biblioteca Digital UIN 04/25/2025   04/25/2025 04/25/2025 Recurso Electrónico

CONTACTO


NOSOTROS


SITIOS DE INTERES

coordinacion.biblioteca.biblioteca@unienlinea.mx Misión, Visión y Objetivos Bases de datos
Directorio Bibliotecas Digitales y Repositorios
Normatividad Revistas y artículos
Convenios interbibliotecarios
Boletines



Hecho en México. Universidad Insurgentes (UIN). Todos los derechos reservados 2024. Esta página y sus contenidos pueden ser reproducidos con fines no lucrativos, siempre y cuando no se mutile, se cite la fuente completa y su dirección electrónicas. De otra forma requiere permiso previo por escrito de la institución




2024 Copyright Universidad Insurgentes | www.bibliouin.com.mx